Gen 9 Pokemon Quiz - Statistics

General Stats
  • This quiz has been taken 131 times
  • The average score is 12 of 15
Answer Stats
Question Answer % Correct
Which IS Pawmi's type Electric
97%
What is Fidough's typing? Fairy
94%
Varoom evolves into... Revavroom
94%
What typing is Koraidon Fighting/Dragon
91%
Meowscarada evolves from..... Floragato
91%
Mabosstiff evolves from Maschiff
91%
Is Miraidon Scarlet or Violet exclusive Violet
91%
Quaquaval is a water and...... type Fighting
88%
Gimmighoul is what number in the regional PokeDex? 999
85%
Kingambit is a what? Pokemon that looks like the King from chess
79%
What does Slither Wing look like Volcarona
73%
Paldea is based on Spain
70%
Miraidon's number is... 1,008
64%
How many Pokemon are in Paldea 400
52%
Espathra looks like..... Lady Gaga
45%
No matching quizzes found
Score Distribution
Percent of People with Each Score
Percentile by Number Answered
Your Score History
You have not taken this quiz